LDR 00842nam a2200205 i 4500 001 000000224458 003 CaOOAMICUS 005 20260504115904.0 008 131031s1940 it u000 u ger u 013 $a203356 040 $aSeMil$bita 100 1 $aNötscher, Friedrich <1890-1966>.$0(OLS)http://semarc/name/78135 245 10$aBiblische Altertumskunde /$cvon D. Dr. Friedrich Nötscher. 300 $aXVIII, 392 p., [24] carte di tav. :$bill. 650 4$aBibbia. Antico Testamento - Commentari, studi, critica, interpretazioni.$0(OLS)http://semarc/subject/2 773 0 $tBibbia$dBonn : Peter Hanstein, 1930.$gErgbd. 3$w()29002 850 $aSeMil 852 $aSeMil$W1$xVenegono$y1$m2VA VII 196$j271282$B174804$CSeMilBibl$Z2$F184816 $81 996 $6245$aBiblische Altertumskunde$9(OLS)http://semarc/title/321687